000 00432nam a2200169Ia 4500
001 14084
003 IN-NITTTR
005 20251114233132.0
008 251113s9999||||xx |||||||||||||| ||eng||
040 _beng
040 _cIN-NITTTR
041 _aeng
082 _aO27.7 M574R
100 _aMews, Hazel
245 0 _aReader instruction in colleges and universities :
_b an introductory handbook /
_cMews, Hazel
942 _2ddc
_cBK
999 _c16720
_d16720